000 03271cam a22012374i 4500
003 PE-LiUPU
005 20250813185354.0
008 170620s2013 mau rb 000 0 eng d
020 _a9004250522
020 _a9789004250529
035 _a(Sirsi) a204422
040 _aPE-LiUPU
_bspa
_cPE-LiUPU
_erda
049 _aPRUA
082 0 4 _a306.60949248
_bF1
_223
245 0 0 _aFaith in the familiar :
_breligion, spirituality and place in the south of the Netherlands /
_cby Kim Esther Knibbea.
264 1 _aBoston :
_bBrill,
_c2013
300 _aviii, 183 páginas ;
_c25 centimetros.
336 _atext
_2rdacontent
337 _aunmediated
_2rdamedia
338 _avolume
_2rdacarrier
490 0 _aNumen book series ;
_vv. 143
504 _aBibliografía : páginas 177-183.
505 0 _aSituating the reserch -- Moral discourses in dutch ctholicism; from pillarization -- Narratives of the past, progress and polarization -- Religious authority, ritual and familiar -- Practicing spirituality --Liberal ctholivism: the burden of the past and problem of the present.
526 _aP202
526 _aP201
526 _aP163
526 _aP162
526 _aP161
526 _aP160
526 _aP148
526 _aP147
526 _aP146
526 _aP145
526 _aP144
526 _aP143
526 _aP142
526 _aP141
526 _aP140
526 _aP139
526 _aP138
526 _aP137
526 _aP136
526 _aP135
526 _aP134
526 _aP133
526 _aP129
526 _aP128
526 _aP127
526 _aP120
526 _aP119
526 _aP118
526 _aP116
526 _aP115
526 _aP114
526 _aP110
526 _aP109
526 _aP108
526 _aP104
526 _aP103
526 _aP102
526 _aP99
526 _aP98
526 _aP97
526 _aP96
526 _aP95
526 _aP93
526 _aP90
526 _aP89
526 _aP88
526 _aP83
526 _aP82
526 _aP62
526 _aP59
526 _aP58
526 _aP57
526 _aP51
526 _aP49
526 _aP48
526 _aP47
526 _aP29
526 _aP24
526 _aP20
526 _aP19
526 _aP17
526 _aP15
526 _aP14
526 _aP12
526 _aP10
526 _aP09
526 _aP08
526 _aP07
526 _aP06
526 _aP05
526 _aP04
526 _aP01
650 0 _aConversión
_vEstudios de caso.
650 0 _aConversión
_xPsicología.
650 0 _aConversión.
_91302
910 _ajck
_bjvq
_cjpc
_d20170620
942 _2ddc
_cBOOK
949 _a306.60949248 F1
_wDEWEY
_c1
_i76236
_lCATALOGING
_mBUL
_p113.00
_r0
_sY
_tBOOK
_u2017-06-20
_xTEOLOGÍA
_zTEOLOGÍA
_0COMPRA
_o.CIRCNOTE. El documento es de alto precio.
_o.STAFF. Colección Teología
994 _aC0
_bPEPRU
596 _a1
999 _a306.60949248 F1
_wDEWEY
_c20778
_i76236
_f2021-11-4
_g4
_lCCODEBUL1
_mBUL
_p113.00
_r0
_sY
_tBOOK
_u2017-6-20
_xBIBLIOTECA
_PP35
_0COMPRA
_o.STAFF. Colección Teología
_d20778
980 _81
_gALBERTO SANCHEZ Responsable de Automatización